[Event "European Women's Championship"]
[Site "Vysoke Tatry"]
[Date "2018.04.10"]
[Round "3"]
[White "Brunello, Marina"]
[Black "Danielian, Elina"]
[Result "0-1"]
[Board "21"]
[WhiteElo "2307"]
[WhiteTitle "FM"]
[WhiteCountry "ITA"]
[WhiteFideId "822590"]
[WhiteEloChange "-7"]
[BlackElo "2410"]
[BlackTitle "GM"]
[BlackCountry "ARM"]
[BlackFideId "13300210"]
[BlackEloChange "4"]

1. e4 {[%clk 1:30:55]} c6 {[%clk 1:30:53]} 2. d4 {[%clk 1:31:18]} d5 {[%clk
1:31:18]} 3. e5 {[%clk 1:31:42]} Bf5 {[%clk 1:31:43]} 4. Nf3 {[%clk 1:32:04]} e6
{[%clk 1:32:00]} 5. Be2 {[%clk 1:32:25]} Nd7 {[%clk 1:32:24]} 6. O-O {[%clk
1:32:06]} Ne7 {[%clk 1:32:15]} 7. Nbd2 {[%clk 1:31:56]} h6 {[%clk 1:32:30]} 8.
Nb3 {[%clk 1:32:08]} Qc7 {[%clk 1:32:02]} 9. Be3 {[%clk 1:27:22]} g5 {[%clk
1:20:19]} 10. Ne1 {[%clk 1:23:52]} Bg7 {[%clk 1:17:12]} 11. Nd3 {[%clk 1:23:17]}
b6 {[%clk 1:12:32]} 12. f4 {[%clk 1:21:59]} Ng6 {[%clk 0:47:27]} 13. Bh5 {[%clk
1:00:24]} O-O-O {[%clk 0:38:53]} 14. g4 {[%clk 0:51:02]} Bxd3 {[%clk 0:38:02]}
15. Qxd3 {[%clk 0:50:59]} Nxf4 {[%clk 0:38:01]} 16. Bxf4 {[%clk 0:50:21]} gxf4
{[%clk 0:38:27]} 17. Bxf7 {[%clk 0:48:42]} Nxe5 {[%clk 0:30:04]} 18. Bxe6+ {[%clk
0:47:46]} Nd7 {[%clk 0:30:30]} 19. c4 {[%clk 0:41:35]} dxc4 {[%clk 0:27:33]} 20.
Qxc4 {[%clk 0:41:55]} Kb8 {[%clk 0:20:40]} 21. Rac1 {[%clk 0:38:33]} Rc8 {[%clk
0:19:16]} 22. Bf5 {[%clk 0:32:42]} Rhg8 {[%clk 0:13:01]} 23. Rfe1 {[%clk
0:27:19]} f3 {[%clk 0:06:31]} 24. Re7 {[%clk 0:21:39]} f2+ {[%clk 0:04:21]} 25.
Kg2 {[%clk 0:19:17]} Qf4 {[%clk 0:03:27]} 26. Rxd7 {[%clk 0:18:28]} Be5 {[%clk
0:01:07]} 27. Kf1 {[%clk 0:14:05]} Rxg4 {[%clk 0:00:38]} 28. Bxg4 {[%clk
0:13:11]} Qxg4 {[%clk 0:01:00]} 29. Qf7 {[%clk 0:13:19]} Bc7 {[%clk 0:00:41]} 30.
Re7 {[%clk 0:13:16]} Qg1+ {[%clk 0:00:44]} 31. Ke2 {[%clk 0:13:42]} Qxh2 {[%clk
0:00:36]} 32. Rf1 {[%clk 0:13:33]} Qg1 {[%clk 0:00:34]} 33. Qxf2 {[%clk 0:13:05]}
Qg4+ {[%clk 0:00:37]} 34. Qf3 {[%clk 0:13:18]} Qg6 {[%clk 0:00:59]} 35. Qe4
{[%clk 0:12:41]} Qh5+ {[%clk 0:01:14]} 36. Kd3 {[%clk 0:12:09]} Qb5+ {[%clk
0:01:30]} 37. Kc2 {[%clk 0:12:02]} Qc4+ {[%clk 0:01:36]} 38. Kd2 {[%clk 0:11:08]}
Qxf1 {[%clk 0:01:59]} 39. Re6 {[%clk 0:08:48]} Qf4+ {[%clk 0:00:45]} 40. Kd3
{[%clk 0:38:11]} Qf1+ {[%clk 0:30:42]} 41. Kc3 {[%clk 0:36:44]} Qh3+ {[%clk
0:26:21]} 42. Kc2 {[%clk 0:19:11]} Qh2+ {[%clk 0:19:29]} 43. Kb1 {[%clk 0:16:30]}
Qf4 {[%clk 0:14:23]} 44. Qd3 {[%clk 0:13:15]} Rf8 {[%clk 0:01:10]} 45. Nc1 {[%clk
0:06:57]} Rf6 {[%clk 0:01:03]} 46. d5 {[%clk 0:05:08]} cxd5 {[%clk 0:00:46]} 47.
Re8+ {[%clk 0:04:58]} Kb7 {[%clk 0:01:10]} 48. Qxd5+ {[%clk 0:05:22]} Rc6 {[%clk
0:01:32]} 49. Nd3 {[%clk 0:04:46]} Qc4 {[%clk 0:01:24]} 50. Qf3 {[%clk 0:03:26]}
a5 {[%clk 0:00:38]} 51. a3 {[%clk 0:02:18]} Ka7 {[%clk 0:00:41]} 52. Ne5 {[%clk
0:01:40]} Bxe5 {[%clk 0:00:55]} 53. Rxe5 {[%clk 0:02:08]} Qc2+ {[%clk 0:01:10]}
54. Ka2 {[%clk 0:02:32]} Qc4+ {[%clk 0:01:37]} 55. Kb1 {[%clk 0:02:55]} Rc7
{[%clk 0:01:31]} 56. Re8 {[%clk 0:03:07]} Qc1+ {[%clk 0:01:49]} 57. Ka2 {[%clk
0:03:36]} Qc4+ {[%clk 0:02:10]} 58. Ka1 {[%clk 0:02:14]} Qc6 {[%clk 0:02:31]} 59.
Qh5 {[%clk 0:01:58]} Qc1+ {[%clk 0:02:52]} 60. Ka2 {[%clk 0:02:25]} Qc4+ {[%clk
0:03:18]} 61. Ka1 {[%clk 0:02:40]} Qc1+ {[%clk 0:01:24]} 62. Ka2 {[%clk 0:03:07]}
Qc4+ {[%clk 0:01:28]} 63. Ka1 {[%clk 0:03:32]} Qf4 {[%clk 0:01:07]} 64. Ka2
{[%clk 0:01:03]} a4 {[%clk 0:01:12]} 65. Re1 {[%clk 0:00:43]} Qf7+ {[%clk
0:01:02]} 66. Qxf7 {[%clk 0:01:07]} Rxf7 {[%clk 0:01:31]} 67. Rh1 {[%clk
0:01:31]} Rf6 {[%clk 0:01:47]} 68. b3 {[%clk 0:01:26]} axb3+ {[%clk 0:01:05]} 69.
Kxb3 {[%clk 0:01:53]} Kb7 {[%clk 0:01:06]} 70. a4 {[%clk 0:02:03]} Kc7 {[%clk
0:01:15]} 71. Rh5 {[%clk 0:02:05]} Rc6 {[%clk 0:00:47]} 72. Rd5 {[%clk 0:01:07]}
Rc5 {[%clk 0:00:59]} 73. Rd1 {[%clk 0:01:01]} h5 {[%clk 0:01:23]} 74. Rd4 {[%clk
0:01:17]} Kc6 {[%clk 0:01:42]} 75. Rd8 {[%clk 0:01:41]} Rg5 {[%clk 0:01:04]} 76.
Rh8 {[%clk 0:01:23]} Rg3+ {[%clk 0:01:00]} 77. Kb2 {[%clk 0:01:35]} Rh3 {[%clk
0:01:26]} 78. Rc8+ {[%clk 0:01:45]} Kd5 {[%clk 0:01:30]} 79. a5 {[%clk 0:01:38]}
bxa5 {[%clk 0:01:50]} 80. Ra8 {[%clk 0:02:00]} Ke4 {[%clk 0:01:28]} 81. Rxa5
{[%clk 0:02:20]} h4 {[%clk 0:01:16]} 82. Kc2 {[%clk 0:01:32]} Rh1 {[%clk
0:01:34]} 83. Kb2 {[%clk 0:00:34]} Kf3 {[%clk 0:01:29]} 84. Rf5+ {[%clk 0:00:56]}
Kg4 {[%clk 0:01:15]} 85. Rf8 {[%clk 0:01:20]} Rd1 {[%clk 0:01:19]} 86. Rg8+
{[%clk 0:01:39]} Kf3 {[%clk 0:01:27]} 87. Kc2 {[%clk 0:01:59]} Rd7 {[%clk
0:01:40]} 88. Rh8 {[%clk 0:02:22]} Kg3 {[%clk 0:02:05]} 89. Rg8+ {[%clk 0:02:44]}
Kh2 {[%clk 0:02:30]} 90. Rh8 {[%clk 0:03:12]} h3 {[%clk 0:02:57]} 91. Rg8 {[%clk
0:03:39]} Rd4 {[%clk 0:02:43]} 92. Rg7 {[%clk 0:03:45]} Kh1 {[%clk 0:02:03]} 93.
Rg8 {[%clk 0:03:49]} h2 {[%clk 0:00:51]} 94. Rg7 {[%clk 0:04:16]} Rf4 {[%clk
0:01:06]} 95. Kd2 {[%clk 0:04:00]} Rf2+ {[%clk 0:00:45]} 96. Ke3 {[%clk 0:01:46]}
Rf1 {[%clk 0:00:59]} 97. Rh7 {[%clk 0:01:20]} Rg1 {[%clk 0:01:04]} 98. Kf3 {[%clk
0:01:17]} Rf1+ {[%clk 0:01:02]} 99. Ke2 {[%clk 0:01:17]} Ra1 {[%clk 0:00:45]}
100. Rg7 {[%clk 0:01:34]} Rg1 {[%clk 0:01:08]} 101. Rh7 {[%clk 0:01:20]} Kg2
{[%clk 0:01:18]} 0-1

[Event "European Women's Championship"]
[Site "Vysoke Tatry"]
[Date "2018.04.10"]
[Round "3"]
[White "Gaponenko, Inna"]
[Black "Gvanceladze, Anna"]
[Result "1/2-1/2"]
[Board "22"]
[WhiteElo "2406"]
[WhiteTitle "IM"]
[WhiteCountry "UKR"]
[WhiteFideId "14101181"]
[WhiteEloChange "-1"]
[BlackElo "2302"]
[BlackTitle "WFM"]
[BlackCountry "RUS"]
[BlackFideId "4113721"]
[BlackEloChange "3"]

1. e4 {[%clk 1:30:57]} c6 {[%clk 1:30:55]} 2. d4 {[%clk 1:31:19]} d5 {[%clk
1:31:20]} 3. e5 {[%clk 1:31:44]} c5 {[%clk 1:31:45]} 4. dxc5 {[%clk 1:32:06]} Nc6
{[%clk 1:32:12]} 5. a3 {[%clk 1:32:24]} Nxe5 {[%clk 1:32:35]} 6. Bb5+ {[%clk
1:32:43]} Nc6 {[%clk 1:33:00]} 7. b4 {[%clk 1:32:41]} Nf6 {[%clk 1:33:06]} 8. Bb2
{[%clk 1:32:55]} g6 {[%clk 1:33:11]} 9. c4 {[%clk 1:30:40]} Be6 {[%clk 1:27:08]}
10. Nf3 {[%clk 1:30:19]} dxc4 {[%clk 1:21:59]} 11. Qxd8+ {[%clk 1:26:40]} Rxd8
{[%clk 1:22:17]} 12. Ne5 {[%clk 1:21:54]} Rc8 {[%clk 1:20:15]} 13. Nd2 {[%clk
1:07:54]} Bg7 {[%clk 1:17:24]} 14. Nxc6 {[%clk 0:59:10]} bxc6 {[%clk 1:17:46]}
15. Bxc4 {[%clk 0:59:36]} Bxc4 {[%clk 1:03:06]} 16. Nxc4 {[%clk 0:59:48]} O-O
{[%clk 1:03:29]} 17. Bxf6 {[%clk 0:54:18]} Bxf6 {[%clk 1:03:43]} 18. O-O-O {[%clk
0:54:43]} Rc7 {[%clk 0:59:21]} 19. Rd3 {[%clk 0:52:05]} Rfc8 {[%clk 0:58:53]} 20.
Rhd1 {[%clk 0:51:52]} e6 {[%clk 0:58:37]} 21. Rd7 {[%clk 0:16:17]} Kf8 {[%clk
0:56:20]} 22. Kc2 {[%clk 0:15:47]} Ke8 {[%clk 0:53:32]} 23. Rxc7 {[%clk 0:15:24]}
Rxc7 {[%clk 0:53:57]} 24. Na5 {[%clk 0:15:40]} Be7 {[%clk 0:53:01]} 25. Rd3
{[%clk 0:15:47]} h5 {[%clk 0:50:45]} 26. Kc3 {[%clk 0:12:15]} f6 {[%clk 0:42:29]}
27. Kc4 {[%clk 0:10:15]} e5 {[%clk 0:40:22]} 28. a4 {[%clk 0:09:22]} Kf7 {[%clk
0:39:37]} 29. Nb3 {[%clk 0:08:29]} a6 {[%clk 0:37:05]} 30. b5 {[%clk 0:07:29]}
axb5+ {[%clk 0:37:17]} 31. axb5 {[%clk 0:07:57]} cxb5+ {[%clk 0:37:38]} 32. Kxb5
{[%clk 0:08:25]} Rb7+ {[%clk 0:37:39]} 33. Kc4 {[%clk 0:03:25]} Rc7 {[%clk
0:35:01]} 34. Kb5 {[%clk 0:02:39]} Rb7+ {[%clk 0:35:25]} 35. Kc4 {[%clk 0:02:08]}
Rc7 {[%clk 0:35:50]} 36. f3 {[%clk 0:02:23]} Ke6 {[%clk 0:31:58]} 37. Kb5 {[%clk
0:02:49]} Rb7+ {[%clk 0:32:18]} 38. Kc4 {[%clk 0:02:26]} Rc7 {[%clk 0:32:43]} 39.
Kb5 {[%clk 0:02:39]} Rb7+ {[%clk 0:32:53]} 40. Kc4 {[%clk 0:31:32]} Rc7 {[%clk
0:31:49]} 1/2-1/2

[Event "European Women's Championship"]
[Site "Vysoke Tatry"]
[Date "2018.04.10"]
[Round "3"]
[White "Sargsyan, Anna M."]
[Black "Shvayger, Yuliya"]
[Result "0-1"]
[Board "23"]
[WhiteElo "2276"]
[WhiteTitle "WFM"]
[WhiteCountry "ARM"]
[WhiteFideId "13308130"]
[WhiteEloChange "-6"]
[BlackElo "2404"]
[BlackTitle "IM"]
[BlackCountry "ISR"]
[BlackFideId "14100126"]
[BlackEloChange "3"]

1. d4 {[%clk 1:30:56]} Nf6 {[%clk 1:30:21]} 2. Nf3 {[%clk 1:31:19]} g6 {[%clk
1:30:10]} 3. g3 {[%clk 1:31:25]} Bg7 {[%clk 1:30:09]} 4. c4 {[%clk 1:31:49]} O-O
{[%clk 1:30:04]} 5. Bg2 {[%clk 1:32:15]} d6 {[%clk 1:29:34]} 6. Nc3 {[%clk
1:32:39]} Nc6 {[%clk 1:29:30]} 7. O-O {[%clk 1:33:02]} Rb8 {[%clk 1:29:31]} 8. h3
{[%clk 1:28:09]} Bf5 {[%clk 1:29:23]} 9. g4 {[%clk 1:21:15]} Bd7 {[%clk 1:29:45]}
10. d5 {[%clk 1:13:52]} Na5 {[%clk 1:28:00]} 11. Nd2 {[%clk 1:10:59]} c6 {[%clk
1:21:36]} 12. b4 {[%clk 1:08:23]} Nxc4 {[%clk 1:21:17]} 13. Nxc4 {[%clk 1:08:05]}
Nxd5 {[%clk 1:21:39]} 14. Nxd5 {[%clk 1:07:39]} Bxa1 {[%clk 1:22:01]} 15. Bh6
{[%clk 1:04:09]} Bh8 {[%clk 1:21:54]} 16. Nf4 {[%clk 0:57:48]} Re8 {[%clk
1:21:17]} 17. e4 {[%clk 0:58:07]} b5 {[%clk 1:16:10]} 18. Ne3 {[%clk 0:50:17]} e5
{[%clk 1:12:37]} 19. Ne2 {[%clk 0:40:46]} Be6 {[%clk 0:47:34]} 20. Qd2 {[%clk
0:34:46]} Qe7 {[%clk 0:44:16]} 21. f4 {[%clk 0:31:44]} exf4 {[%clk 0:43:53]} 22.
Bxf4 {[%clk 0:32:04]} Rbd8 {[%clk 0:42:54]} 23. Nd4 {[%clk 0:31:43]} Bd7 {[%clk
0:39:54]} 24. Nf3 {[%clk 0:25:58]} Be5 {[%clk 0:33:13]} 25. Bg5 {[%clk 0:24:27]}
Bf6 {[%clk 0:33:40]} 26. Bf4 {[%clk 0:19:27]} Be5 {[%clk 0:34:09]} 27. Bxe5
{[%clk 0:19:33]} dxe5 {[%clk 0:34:32]} 28. Qc3 {[%clk 0:19:58]} f6 {[%clk
0:30:57]} 29. a3 {[%clk 0:19:15]} Rf8 {[%clk 0:22:36]} 30. Nd2 {[%clk 0:16:01]}
Be6 {[%clk 0:22:03]} 31. Nb3 {[%clk 0:16:23]} Bxb3 {[%clk 0:21:21]} 32. Qxb3+
{[%clk 0:16:52]} Kg7 {[%clk 0:20:02]} 33. Rc1 {[%clk 0:15:36]} Rd6 {[%clk
0:20:23]} 34. Qc3 {[%clk 0:10:40]} Rfd8 {[%clk 0:20:14]} 35. Bf1 {[%clk 0:11:03]}
a6 {[%clk 0:19:52]} 36. Qc5 {[%clk 0:09:35]} Kf7 {[%clk 0:17:50]} 37. Qb6 {[%clk
0:06:22]} Qe6 {[%clk 0:15:23]} 38. Rxc6 {[%clk 0:04:48]} R8d7 {[%clk 0:10:00]}
39. Rxd6 {[%clk 0:04:20]} Qxd6 {[%clk 0:10:27]} 40. Qxd6 {[%clk 0:33:24]} Rxd6
{[%clk 0:40:55]} 41. Nd5 {[%clk 0:16:17]} Rc6 {[%clk 0:41:17]} 42. Kf2 {[%clk
0:14:14]} Rc1 {[%clk 0:38:56]} 43. Bd3 {[%clk 0:13:02]} Ra1 {[%clk 0:38:49]} 44.
Ke3 {[%clk 0:12:20]} Rxa3 {[%clk 0:39:17]} 45. Kd2 {[%clk 0:12:42]} a5 {[%clk
0:29:56]} 46. Kc2 {[%clk 0:10:23]} axb4 {[%clk 0:29:48]} 47. Nxb4 {[%clk
0:10:49]} Ra1 {[%clk 0:29:03]} 48. Bxb5 {[%clk 0:11:04]} Rh1 {[%clk 0:29:26]} 49.
Bc4+ {[%clk 0:11:11]} Kg7 {[%clk 0:29:48]} 50. Nd5 {[%clk 0:11:13]} Rxh3 {[%clk
0:26:58]} 51. Nc7 {[%clk 0:11:32]} Kh6 {[%clk 0:24:55]} 52. Kd2 {[%clk 0:11:19]}
Kg5 {[%clk 0:22:23]} 53. Be6 {[%clk 0:11:39]} Kf4 {[%clk 0:21:29]} 54. Nd5+
{[%clk 0:11:57]} Kxe4 {[%clk 0:21:48]} 55. Nxf6+ {[%clk 0:12:23]} Kd4 {[%clk
0:22:13]} 56. Bd5 {[%clk 0:09:48]} Rh2+ {[%clk 0:21:07]} 57. Kd1 {[%clk 0:08:04]}
h6 {[%clk 0:16:25]} 58. Bc6 {[%clk 0:06:51]} Rf2 {[%clk 0:10:52]} 59. Ng8 {[%clk
0:06:56]} h5 {[%clk 0:10:47]} 60. gxh5 {[%clk 0:07:00]} gxh5 {[%clk 0:11:15]} 61.
Ne7 {[%clk 0:05:56]} e4 {[%clk 0:10:45]} 62. Ke1 {[%clk 0:05:29]} Rf6 {[%clk
0:10:35]} 63. Bd7 {[%clk 0:03:22]} Rf7 {[%clk 0:09:18]} 64. Nc6+ {[%clk 0:03:39]}
Ke3 {[%clk 0:06:21]} 65. Be6 {[%clk 0:01:30]} Rf6 {[%clk 0:05:14]} 66. Bd5 {[%clk
0:01:34]} h4 {[%clk 0:04:56]} 67. Ne5 {[%clk 0:01:22]} Kd4 {[%clk 0:04:13]} 0-1

[Event "European Women's Championship"]
[Site "Vysoke Tatry"]
[Date "2018.04.10"]
[Round "3"]
[White "Velikic, Adela"]
[Black "Milliet, Sophie"]
[Result "1-0"]
[Board "25"]
[WhiteElo "2241"]
[WhiteTitle "WIM"]
[WhiteCountry "SRB"]
[WhiteFideId "913553"]
[WhiteEloChange "14"]
[BlackElo "2391"]
[BlackTitle "IM"]
[BlackCountry "FRA"]
[BlackFideId "623725"]
[BlackEloChange "-14"]

1. e4 {[%clk 1:30:57]} c5 {[%clk 1:30:56]} 2. Nf3 {[%clk 1:31:21]} d6 {[%clk
1:31:21]} 3. d4 {[%clk 1:31:46]} cxd4 {[%clk 1:31:47]} 4. Nxd4 {[%clk 1:32:10]}
Nf6 {[%clk 1:32:14]} 5. Nc3 {[%clk 1:32:32]} a6 {[%clk 1:32:42]} 6. h3 {[%clk
1:32:53]} g6 {[%clk 1:32:49]} 7. Be3 {[%clk 1:30:01]} Bg7 {[%clk 1:33:00]} 8. g4
{[%clk 1:28:43]} Bd7 {[%clk 1:29:39]} 9. g5 {[%clk 1:16:05]} Nh5 {[%clk 1:29:23]}
10. Be2 {[%clk 1:10:22]} Nc6 {[%clk 1:29:12]} 11. Nd5 {[%clk 0:55:17]} O-O {[%clk
1:21:02]} 12. Bxh5 {[%clk 0:43:54]} gxh5 {[%clk 1:21:14]} 13. Nxc6 {[%clk
0:39:29]} Bxc6 {[%clk 1:16:42]} 14. Bb6 {[%clk 0:31:54]} Qd7 {[%clk 1:17:06]} 15.
c3 {[%clk 0:21:15]} Rac8 {[%clk 1:14:36]} 16. Be3 {[%clk 0:15:08]} Bxd5 {[%clk
1:08:16]} 17. Qxd5 {[%clk 0:15:21]} b5 {[%clk 1:03:45]} 18. a3 {[%clk 0:14:23]}
Rc4 {[%clk 1:02:52]} 19. Rd1 {[%clk 0:10:44]} Rfc8 {[%clk 0:36:34]} 20. e5 {[%clk
0:06:30]} R4c6 {[%clk 0:36:11]} 21. exd6 {[%clk 0:04:02]} Rxd6 {[%clk 0:36:27]}
22. Qf3 {[%clk 0:04:10]} Rxd1+ {[%clk 0:30:54]} 23. Qxd1 {[%clk 0:04:38]} Qf5
{[%clk 0:31:17]} 24. Ke2 {[%clk 0:02:13]} Qe6 {[%clk 0:21:40]} 25. Qd3 {[%clk
0:01:57]} Qb3 {[%clk 0:21:58]} 26. Bc1 {[%clk 0:01:35]} Be5 {[%clk 0:21:20]} 27.
Qe4 {[%clk 0:00:55]} Bd6 {[%clk 0:20:00]} 28. Rd1 {[%clk 0:00:49]} Rc4 {[%clk
0:17:39]} 29. Qa8+ {[%clk 0:00:57]} Kg7 {[%clk 0:18:05]} 30. Qd5 {[%clk 0:00:46]}
Qc2+ {[%clk 0:17:56]} 31. Kf1 {[%clk 0:01:03]} Bc5 {[%clk 0:13:53]} 32. Qe5+
{[%clk 0:00:51]} Kg6 {[%clk 0:14:20]} 33. Qe2 {[%clk 0:00:53]} Qf5 {[%clk
0:13:40]} 34. Kg2 {[%clk 0:00:51]} Re4 {[%clk 0:10:43]} 35. Qf3 {[%clk 0:01:20]}
Qe5 {[%clk 0:06:45]} 36. Rd8 {[%clk 0:01:33]} Kg7 {[%clk 0:07:10]} 37. Qxh5
{[%clk 0:01:18]} Qe6 {[%clk 0:07:26]} 38. Qh6+ {[%clk 0:01:11]} Qxh6 {[%clk
0:07:52]} 39. gxh6+ {[%clk 0:01:36]} Kf6 {[%clk 0:07:50]} 40. Kf3 {[%clk
0:30:49]} Re1 {[%clk 0:37:34]} 41. Bf4 {[%clk 0:23:09]} e5 {[%clk 0:22:22]} 42.
Bg3 {[%clk 0:20:26]} e4+ {[%clk 0:13:08]} 43. Kg4 {[%clk 0:19:48]} Re2 {[%clk
0:07:03]} 44. Rd5 {[%clk 0:11:03]} Bf8 {[%clk 0:06:37]} 45. b4 {[%clk 0:08:40]}
Kg6 {[%clk 0:01:44]} 46. Rg5+ {[%clk 0:06:33]} Kf6 {[%clk 0:01:44]} 47. Rf5+
{[%clk 0:04:55]} Ke6 {[%clk 0:02:40]} 48. Re5+ {[%clk 0:03:35]} Kd7 {[%clk
0:03:03]} 49. Rd5+ {[%clk 0:03:42]} Ke6 {[%clk 0:03:20]} 50. Rd8 {[%clk 0:02:12]}
f5+ {[%clk 0:01:55]} 51. Kh5 {[%clk 0:02:28]} Be7 {[%clk 0:01:27]} 52. Re8 {[%clk
0:02:28]} Kd7 {[%clk 0:00:48]} 53. Rh8 {[%clk 0:01:39]} f4 {[%clk 0:01:07]} 54.
Bh4 {[%clk 0:00:41]} e3 {[%clk 0:01:04]} 55. Rxh7 {[%clk 0:00:37]} exf2 {[%clk
0:01:31]} 56. Bxf2 {[%clk 0:01:01]} f3 {[%clk 0:00:39]} 57. Bh4 {[%clk 0:00:41]}
f2 {[%clk 0:00:52]} 58. Rf7 {[%clk 0:00:36]} Re5+ {[%clk 0:01:03]} 59. Kg6 {[%clk
0:00:51]} Re6+ {[%clk 0:01:28]} 60. Kg7 {[%clk 0:00:56]} Rf6 {[%clk 0:01:41]} 61.
Bxf2 {[%clk 0:01:11]} 1-0

[Event "European Women's Championship"]
[Site "Vysoke Tatry"]
[Date "2018.04.10"]
[Round "3"]
[White "Batsiashvili, Nino"]
[Black "Ghukasyan, Siranush"]
[Result "1-0"]
[Board "27"]
[WhiteElo "2521"]
[WhiteTitle "IM"]
[WhiteCountry "GEO"]
[WhiteFideId "13602993"]
[WhiteEloChange "1"]
[BlackElo "2195"]
[BlackTitle "WIM"]
[BlackCountry "ARM"]
[BlackFideId "13300946"]
[BlackEloChange "-3"]

1. d4 {[%clk 1:30:58]} d5 {[%clk 1:30:55]} 2. Bf4 {[%clk 1:31:20]} Nf6 {[%clk
1:31:20]} 3. e3 {[%clk 1:31:27]} e6 {[%clk 1:31:44]} 4. Nf3 {[%clk 1:31:41]} c5
{[%clk 1:32:02]} 5. c3 {[%clk 1:31:30]} Nc6 {[%clk 1:32:20]} 6. Nbd2 {[%clk
1:31:47]} Be7 {[%clk 1:32:37]} 7. Bd3 {[%clk 1:31:55]} Nh5 {[%clk 1:32:18]} 8.
dxc5 {[%clk 1:24:14]} Bxc5 {[%clk 1:16:46]} 9. Qe2 {[%clk 1:15:08]} Nxf4 {[%clk
1:13:16]} 10. exf4 {[%clk 1:15:34]} Qe7 {[%clk 1:12:16]} 11. g3 {[%clk 1:13:55]}
Bd6 {[%clk 0:59:54]} 12. O-O {[%clk 1:10:29]} O-O {[%clk 0:51:45]} 13. Rfe1
{[%clk 1:08:41]} Re8 {[%clk 0:37:16]} 14. Rad1 {[%clk 1:03:11]} Bd7 {[%clk
0:24:47]} 15. Ne5 {[%clk 1:02:26]} Bc7 {[%clk 0:18:15]} 16. Ndf3 {[%clk 1:01:15]}
Nxe5 {[%clk 0:16:20]} 17. fxe5 {[%clk 0:59:57]} f6 {[%clk 0:13:27]} 18. exf6
{[%clk 0:58:18]} gxf6 {[%clk 0:13:23]} 19. c4 {[%clk 0:58:03]} Ba5 {[%clk
0:13:24]} 20. Nd2 {[%clk 0:53:42]} Bc6 {[%clk 0:12:22]} 21. a3 {[%clk 0:53:24]}
Bxd2 {[%clk 0:10:57]} 22. Rxd2 {[%clk 0:51:16]} Rad8 {[%clk 0:11:20]} 23. Bf5
{[%clk 0:39:21]} e5 {[%clk 0:08:14]} 24. cxd5 {[%clk 0:37:46]} Bxd5 {[%clk
0:07:10]} 25. Qe3 {[%clk 0:32:19]} a6 {[%clk 0:05:54]} 26. Red1 {[%clk 0:20:05]}
Bc6 {[%clk 0:05:26]} 27. Be4 {[%clk 0:14:58]} Bxe4 {[%clk 0:03:45]} 28. Qxe4
{[%clk 0:15:25]} Rxd2 {[%clk 0:01:45]} 29. Rxd2 {[%clk 0:15:53]} Rd8 {[%clk
0:00:38]} 30. Rxd8+ {[%clk 0:15:45]} Qxd8 {[%clk 0:01:07]} 31. Qxb7 {[%clk
0:16:06]} Qd3 {[%clk 0:01:08]} 32. Kg2 {[%clk 0:13:18]} e4 {[%clk 0:00:52]} 33.
Qc8+ {[%clk 0:11:26]} Kf7 {[%clk 0:01:02]} 34. Qf5 {[%clk 0:11:32]} Kg7 {[%clk
0:00:55]} 35. h4 {[%clk 0:11:07]} Qd2 {[%clk 0:00:41]} 36. Qg4+ {[%clk 0:10:52]}
Kh8 {[%clk 0:00:34]} 37. Qxe4 {[%clk 0:11:03]} Qxb2 {[%clk 0:00:38]} 38. Qa8+
{[%clk 0:11:27]} Kg7 {[%clk 0:01:06]} 39. Qxa6 {[%clk 0:11:51]} Qb3 {[%clk
0:01:17]} 40. Qa7+ {[%clk 0:40:39]} Kg6 {[%clk 0:31:21]} 41. Qa8 {[%clk 0:40:08]}
f5 {[%clk 0:29:46]} 42. a4 {[%clk 0:39:49]} 1-0

[Event "European Women's Championship"]
[Site "Vysoke Tatry"]
[Date "2018.04.10"]
[Round "3"]
[White "Stefanova, Antoaneta"]
[Black "Eric, Jovana"]
[Result "1-0"]
[Board "28"]
[WhiteElo "2479"]
[WhiteTitle "GM"]
[WhiteCountry "FID"]
[WhiteFideId "2902257"]
[WhiteEloChange "3"]
[BlackElo "2300"]
[BlackTitle "WIM"]
[BlackCountry "SRB"]
[BlackFideId "938238"]
[BlackEloChange "-5"]

1. d4 {[%clk 1:30:56]} f5 {[%clk 1:30:51]} 2. Bg5 {[%clk 1:24:36]} g6 {[%clk
1:27:57]} 3. h4 {[%clk 1:23:44]} h6 {[%clk 1:25:29]} 4. Bf4 {[%clk 1:20:45]} Nf6
{[%clk 1:24:55]} 5. Qd3 {[%clk 1:16:12]} d6 {[%clk 1:21:29]} 6. Nc3 {[%clk
1:12:19]} Nc6 {[%clk 1:10:51]} 7. O-O-O {[%clk 1:02:32]} a6 {[%clk 1:00:52]} 8.
f3 {[%clk 0:58:56]} Bd7 {[%clk 0:50:10]} 9. g4 {[%clk 0:39:51]} e6 {[%clk
0:40:19]} 10. gxf5 {[%clk 0:24:06]} gxf5 {[%clk 0:37:54]} 11. e4 {[%clk 0:22:47]}
fxe4 {[%clk 0:36:38]} 12. fxe4 {[%clk 0:22:01]} Nh5 {[%clk 0:31:02]} 13. Bh2
{[%clk 0:20:49]} Qf6 {[%clk 0:26:56]} 14. e5 {[%clk 0:16:08]} dxe5 {[%clk
0:26:41]} 15. dxe5 {[%clk 0:14:58]} Qf7 {[%clk 0:27:04]} 16. Bg2 {[%clk 0:13:57]}
Nb4 {[%clk 0:16:54]} 17. Qe3 {[%clk 0:10:02]} Bc6 {[%clk 0:12:38]} 18. Bxc6+
{[%clk 0:08:47]} Nxc6 {[%clk 0:13:03]} 19. Nge2 {[%clk 0:08:43]} Rd8 {[%clk
0:10:17]} 20. Rdf1 {[%clk 0:08:51]} Qe7 {[%clk 0:09:31]} 21. Qe4 {[%clk 0:06:14]}
Rg8 {[%clk 0:07:31]} 22. Qf3 {[%clk 0:06:10]} Ng7 {[%clk 0:06:52]} 23. Ne4 {[%clk
0:06:31]} Nf5 {[%clk 0:04:59]} 24. Nf6+ {[%clk 0:06:38]} Kf7 {[%clk 0:05:25]} 25.
Qh5+ {[%clk 0:05:57]} Rg6 {[%clk 0:05:17]} 26. Rhg1 {[%clk 0:06:03]} 1-0